Vista normal
Vista MARC
- Gorriti, Juana Manuela,
Entrada Nombre personal
Número de registros utilizados en: 20
001 - NÚMERO DE CONTROL
- campo de control: 21
003 - IDENTIFICADOR DEL NÚMERO DE CONTROL
- campo de control: AR-BaAGN
005 - FECHA Y HORA DE LA ÚLTIMA TRANSACCIÓN
- campo de control: 20230518121534.0
008 - ELEMENTOS DE DATO DE LONGITUD-FIJA
- campo de control de longitud fija: 220609|| ac|||aabn | a|a d
035 ## - NÚMERO DE CONTROL DEL SISTEMA
- Número de control de sistema: (OCoLC)oca00587846
040 ## - FUENTE DE CATALOGACIÓN
- Centro catalogador/agencia de origen: AR-BaAGN
- Lengua de catalogación: spa
- Normas de descripción: aacr
100 1# - ENCABEZAMIENTO-NOMBRE DE PERSONA
- Nombre de persona: Gorriti, Juana Manuela,
- Fechas asociadas al nombre: 1816-1892
370 ## - LUGAR ASOCIADO
- Lugar de nacimiento: Salta (Argentina)
- Lugar de fallecimiento: Buenos Aires (Argentina)
372 ## - CAMPO DE ACTIVIDAD
- Campo de actividad: Literatura
